Vista normal
Vista MARC
Entrada Meeting Name
Número de registros utilizados en: 1
001 - CONTROL NUMBER
- control field: 37008
003 - CONTROL NUMBER IDENTIFIER
- control field: OSt
005 - DATE AND TIME OF LATEST TRANSACTION
- control field: 20210420121532.0
008 - FIXED-LENGTH DATA ELEMENTS
- fixed length control field: 210420|| aca||aabn | a|a d
040 ## - CATALOGING SOURCE
- Original cataloging agency: OSt
- Transcribing agency: OSt
111 ## - HEADING--MEETING NAME
- Meeting name or jurisdiction name as entry element: Jornadas del Instituto Latinoamericano de Derecho Tributario
- Number of part/section/meeting: (10a :
- Date of meeting or treaty signing: 1981 :
- Location of meeting: Quito)
670 ## - SOURCE DATA FOUND
- Source citation: Work cat.: (OSt): Jornadas del Instituto Latinoamericano de Derecho Tributario (10a : 1981 : Quito), Memoria de las X Jornadas del Instituto Latinoamericano de Derecho Tributario / , 1981